[Event "Bad Woerishofen op 38th"]
[Site "Bad Woerishofen"]
[Date "2023.03.07"]
[Round "5"]
[White "Lochte, Thomas"]
[Black "Oberhofer, Max"]
[Result "1-0"]
[WhiteElo "1997"]
[BlackElo "2131"]
[PlyCount "66"]
[EventDate "2023.03.03"]
[EventType "swiss"]
[EventRounds "9"]
[EventCountry "GER"]
[SourceTitle "CBM 213 Extra"]
[Source "ChessBase"]
[SourceDate "2023.05.31"]
[SourceVersion "1"]
[SourceVersionDate "2023.05.31"]
[SourceQuality "1"]

1. e4 Nf6 2. e5 Nd5 3. c4 Nb6 4. d4 d6 5. f4 dxe5 6. fxe5 Nc6 7. Be3 Bf5 8. a3 e6 9. Nf3 Be7 10. Bd3 Bxd3 11. Qxd3 f6 12. exf6 Bxf6 13. 0-0 Qd7 14. Nc3 0-0-0 15. Rad1 Na5 16. c5 Nd5 17. Bf2 Nc6 18. Ne4 Rhf8 19. b4 a6 20. b5 axb5 21. Qxb5 Nb8 22. Qb3 Qc6 23. Bg3 Qa6 24. Rfe1 Nc6 25. Nxf6 Rxf6 26. Bh4 Nf4 27. Bxf6 gxf6 28. Qe3 e5 29. dxe5 Rxd1 30. Rxd1 Qa4 31. Rd2 fxe5 32. Nxe5 Kb8 33. Nxc6+ Qxc6 1-0

[Event "Bad Woerishofen op 38th"]
[Site "Bad Woerishofen"]
[Date "2023.03.04"]
[Round "2"]
[White "Levin, Felix"]
[Black "Oberhofer, Max"]
[Result "1-0"]
[WhiteElo "2456"]
[BlackElo "2131"]
[PlyCount "57"]
[EventDate "2023.03.03"]
[EventType "swiss"]
[EventRounds "9"]
[EventCountry "GER"]
[SourceTitle "CBM 213 Extra"]
[Source "ChessBase"]
[SourceDate "2023.05.31"]
[SourceVersion "1"]
[SourceVersionDate "2023.05.31"]
[SourceQuality "1"]

1. d4 e6 2. c4 Nf6 3. Nf3 c5 4. e3 cxd4 5. exd4 Be7 6. Nc3 0-0 7. Bd3 d6 8. 0-0 Nc6 9. a3 Bd7 10. Re1 Rc8 11. b4 a6 12. Bb2 Na7 13. Qe2 Re8 14. h3 Bc6 15. Ng5 Qd7 16. b5 axb5 17. cxb5 Bd5 18. Nxd5 exd5 19. a4 h6 20. Nf3 Bd8 21. Qd2 Ne4 22. Qb4 Bf6 23. Re2 Re7 24. Qa5 Qd8 25. Qxd8+ Rxd8 26. Rc2 g6 27. a5 Rdd7 28. b6 Nc6 29. a6 1-0

[Event "Mittelfrank Regionalliga Sud-West 2223"]
[Site "Mittelfranken"]
[Date "2022.11.27"]
[Round "3.8"]
[White "Oberhofer, Max"]
[Black "Kollmann, Robert"]
[Result "1-0"]
[WhiteElo "1914"]
[BlackElo "1948"]
[PlyCount "95"]
[EventDate "2022.10.09"]
[EventType "team-tourn"]
[EventRounds "9"]
[EventCountry "GER"]
[SourceTitle "EXT 2024"]
[Source "ChessBase"]
[SourceDate "2023.10.10"]
[SourceVersion "1"]
[SourceVersionDate "2023.10.10"]
[SourceQuality "1"]
[WhiteTeam "Kempten"]
[BlackTeam "Marktoberdorf"]
[WhiteTeamCountry "GER"]
[BlackTeamCountry "GER"]

1. d4 e6 2. Nf3 f5 3. g3 b6 4. Bg2 Bb7 5. 0-0 Nf6 6. c4 Be7 7. Nc3 0-0 8. d5 exd5 9. cxd5 Bb4 10. Nh4 Bxc3 11. bxc3 Ne4 12. Bb2 Nd6 13. c4 Na6 14. Rc1 Qe7 15. Re1 Nc5 16. Qd4 Rf7 17. Nf3 Qe4 18. Qd2 Nxc4 19. Rxc4 Qxc4 20. Ne5 Qxa2 21. Nxf7 Kxf7 22. Qd4 Rg8 23. Qe5 g6 24. e4 Nd3 25. Qf6+ Ke8 26. Re2 f4 27. Bf3 fxg3 28. hxg3 Rf8 29. Qxf8+ Kxf8 30. Bg7+ Kxg7 31. Rxa2 a5 32. Be2 Nc5 33. f3 d6 34. Kf2 Bc8 35. Bb5 Kf6 36. g4 h5 37. gxh5 gxh5 38. Kg3 Kg5 39. Rh2 Nb3 40. Be8 Ba6 41. Rxh5+ Kf6 42. Rh7 b5 43. Rxc7 a4 44. Rc6 Ke7 45. Rxa6 Kxe8 46. Rxd6 a3 47. Ra6 b4 48. Ra4 1-0

[Event "Regionalliga SW 1011"]
[Site "Bayern"]
[Date "2011.03.20"]
[Round "8.3"]
[White "Fauth, Dietmar"]
[Black "Oberhofer, Max"]
[Result "1-0"]
[WhiteElo "2146"]
[BlackElo "1994"]
[PlyCount "65"]
[EventDate "2010.10.10"]
[EventType "team-tourn"]
[EventRounds "9"]
[EventCountry "GER"]
[SourceTitle "EXT 2012"]
[Source "ChessBase"]
[SourceDate "2011.11.24"]
[SourceVersion "1"]
[SourceVersionDate "2011.11.24"]
[SourceQuality "1"]
[WhiteTeam "Muenchen Siemens"]
[BlackTeam "Sonthofen"]
[WhiteTeamCountry "GER"]
[BlackTeamCountry "GER"]

1. e4 Nf6 2. e5 Nd5 3. c4 Nb6 4. c5 Nd5 5. Bc4 e6 6. Nc3 Nxc3 7. dxc3 Bxc5 8. Qg4 Qe7 9. Qxg7 Qf8 10. Qxf8+ Bxf8 11. Nf3 Nc6 12. Bf4 b6 13. 0-0-0 Bb7 14. Rhe1 Be7 15. Ng5 0-0-0 16. Ne4 Rhg8 17. Bf1 Rg4 18. Bg3 Rg6 19. f3 h5 20. Rd2 h4 21. Bf4 f5 22. exf6 Bxf6 23. Nxf6 Rxf6 24. Bg5 Rdf8 25. Bxf6 Rxf6 26. h3 Ne7 27. Rd4 Rh6 28. Rg4 c5 29. Bd3 Kc7 30. Rg7 Nd5 31. Be4 c4 32. Bxd5 Bxd5 33. Re5 1-0

[Event "Regionalliga SW 0910"]
[Site "Bayern"]
[Date "2009.11.29"]
[Round "3.1"]
[White "Boehm, Uwe"]
[Black "Oberhofer, Max"]
[Result "1/2-1/2"]
[WhiteElo "2085"]
[BlackElo "1994"]
[PlyCount "91"]
[EventDate "2009.10.18"]
[EventType "team-tourn"]
[EventRounds "9"]
[EventCountry "GER"]
[SourceTitle "EXT 2011"]
[Source "ChessBase"]
[SourceDate "2010.11.26"]
[SourceVersion "1"]
[SourceVersionDate "2010.11.26"]
[SourceQuality "1"]
[WhiteTeam "Muenchen Siemens"]
[BlackTeam "Sonthofen"]
[WhiteTeamCountry "GER"]
[BlackTeamCountry "GER"]

1. b4 d5 2. Bb2 e6 3. e3 Nf6 4. b5 c5 5. c4 b6 6. Nf3 Bb7 7. Be2 Nbd7 8. 0-0 Be7 9. a4 a5 10. Na3 0-0 11. Qc2 Rc8 12. Rfd1 Qc7 13. h3 Ne4 14. d3 Nd6 15. Ne5 f5 16. cxd5 exd5 17. Bf3 Bf6 18. Nxd7 Qxd7 19. Bxf6 Rxf6 20. Qa2 Nf7 21. Nc2 Ng5 22. Ne1 Kh8 23. d4 c4 24. Qa3 Re8 25. Bh5 g6 26. Bf3 h5 27. h4 Ne6 28. g3 Kh7 29. Ng2 Kg7 30. Rac1 Rg8 31. Rc3 Rf7 32. Be2 Bc8 33. Qc1 Kh7 34. Bf1 Qd6 35. Qa3 Qd7 36. f4 Re8 37. Ne1 Qc7 38. Nf3 Qe7 39. Ne5 Rg7 40. Bg2 Bb7 41. Bf3 Nf8 42. Qa2 Nd7 43. Qe2 Nf6 44. Qg2 Rd8 45. Rdc1 Qc7 46. Rb1 1/2-1/2

[Event "Regionalliga SW 0809"]
[Site "Bayern"]
[Date "2009.03.29"]
[Round "9.3"]
[White "Oberhofer, Max"]
[Black "Boehm, Uwe"]
[Result "1/2-1/2"]
[WhiteElo "1996"]
[BlackElo "2078"]
[PlyCount "93"]
[EventDate "2008.10.05"]
[EventType "team-tourn"]
[EventRounds "9"]
[EventCountry "GER"]
[SourceTitle "EXT 2020"]
[Source "ChessBase"]
[SourceDate "2019.10.17"]
[SourceVersion "1"]
[SourceVersionDate "2019.10.17"]
[SourceQuality "1"]
[WhiteTeam "Sonthofen"]
[BlackTeam "Muenchen Siemens"]
[WhiteTeamCountry "GER"]
[BlackTeamCountry "GER"]

1. d4 d5 2. Nf3 Nf6 3. c4 c6 4. Qc2 dxc4 5. Qxc4 Bf5 6. Nc3 e6 7. Bg5 Be7 8. e3 Nbd7 9. Be2 h6 10. Bh4 0-0 11. a3 a5 12. 0-0 a4 13. Rac1 Nb6 14. Qa2 Re8 15. Rfd1 Nfd7 16. Bg3 Bf8 17. Rd2 Nd5 18. Ne5 Nxe5 19. Bxe5 Qa5 20. Rdd1 Rec8 21. Bf3 Bg6 22. Ne4 Bxe4 23. Bxe4 Be7 24. h3 Nf6 25. Bf3 Nd5 26. Qb1 Qb5 27. Qc2 Ra5 28. e4 Nf6 29. Bf4 Raa8 30. Be2 Qb6 31. Be3 Qa5 32. Bd2 Qb6 33. Bc3 Rd8 34. Bc4 Qc7 35. Qe2 Qf4 36. Bd3 Qh4 37. Bb1 Qh5 38. Qc2 Qg6 39. Qe2 Qh5 40. Qd3 Nh7 41. Qg3 Bg5 42. f4 Bf6 43. e5 Be7 44. Be4 f5 45. Bb1 Nf8 46. Ba2 Rd7 47. Rd2 1/2-1/2

[Event "Regionalliga SW 0809"]
[Site "Bayern"]
[Date "2009.03.15"]
[Round "8.4"]
[White "Oberhofer, Max"]
[Black "Urankar, Hans Peter"]
[Result "1/2-1/2"]
[WhiteElo "1996"]
[BlackElo "2180"]
[PlyCount "36"]
[EventDate "2008.10.05"]
[EventType "team-tourn"]
[EventRounds "9"]
[EventCountry "GER"]
[SourceTitle "EXT 2020"]
[Source "ChessBase"]
[SourceDate "2019.10.17"]
[SourceVersion "1"]
[SourceVersionDate "2019.10.17"]
[SourceQuality "1"]
[WhiteTeam "Sonthofen"]
[BlackTeam "Unterhaching"]
[WhiteTeamCountry "GER"]
[BlackTeamCountry "GER"]

1. g3 g6 2. Bg2 Bg7 3. c4 d6 4. d4 Nf6 5. Nf3 0-0 6. Nc3 Nbd7 7. 0-0 e5 8. dxe5 dxe5 9. Qc2 Re8 10. Rd1 c6 11. e4 Qc7 12. h3 b6 13. Be3 Bb7 14. Rac1 Bf8 15. Qe2 Rad8 16. Ne1 Nc5 17. b4 Ne6 18. Nd3 c5 1/2-1/2

[Event "Regionalliga SW 0809"]
[Site "Bayern"]
[Date "2009.01.18"]
[Round "5.3"]
[White "Hahn, Christoph"]
[Black "Oberhofer, Max"]
[Result "0-1"]
[WhiteElo "2137"]
[BlackElo "1996"]
[PlyCount "146"]
[EventDate "2008.10.05"]
[EventType "team-tourn"]
[EventRounds "9"]
[EventCountry "GER"]
[SourceTitle "EXT 2020"]
[Source "ChessBase"]
[SourceDate "2019.10.17"]
[SourceVersion "1"]
[SourceVersionDate "2019.10.17"]
[SourceQuality "1"]
[WhiteTeam "Kriegshaber"]
[BlackTeam "Sonthofen"]
[WhiteTeamCountry "GER"]
[BlackTeamCountry "GER"]

1. d4 d5 2. Nf3 Nf6 3. e3 e6 4. Bd3 Bd6 5. b3 c5 6. 0-0 Nc6 7. Bb2 cxd4 8. exd4 Qc7 9. a3 0-0 10. Re1 b6 11. Nbd2 a5 12. Ne5 Ba6 13. c4 Rfd8 14. Rc1 dxc4 15. Ndxc4 Bb7 16. Re3 b5 17. Nxd6 Qxd6 18. Nxc6 Bxc6 19. Rg3 Ne4 20. Rxc6 Qxc6 21. Rxg7+ Kxg7 22. d5+ Qc3 23. Bxc3+ Nxc3 24. Qh5 Nxd5 25. Qxh7+ Kf8 26. Bxb5 Rac8 27. h4 Rc5 28. Bc4 Nf6 29. Qh6+ Ke7 30. Qe3 Rd1+ 31. Bf1 Rcc1 32. Qa7+ Kf8 33. Qa8+ Kg7 34. Qxa5 Rxf1+ 35. Kh2 Nd5 36. Qd2 f6 37. Qe2 Rh1+ 38. Kg3 f5 39. Qxe6 f4+ 40. Kg4 Nf6+ 41. Kf3 Rc3+ 42. Ke2 Rhc1 43. Qf5 Rxb3 44. Qg5+ Kf7 45. Qxf4 Rc2+ 46. Kd1 Rbb2 47. h5 Rxf2 48. Qc7+ Kg8 49. Qd8+ Kg7 50. Qe7+ Kh6 51. Ke1 Nxh5 52. Qd6+ Kh7 53. Qd3+ Kh6 54. Qd6+ Nf6 55. Qe6 Kg6 56. Qc4 Rxg2 57. Qd3+ Kg5 58. Qe3+ Kf5 59. Qf3+ Ke5 60. Qc3+ Ke4 61. Qc4+ Kf3 62. Qc3+ Kg4 63. Qd4+ Kh3 64. Qe3+ Kh2 65. Qf4+ Kh1 66. Qh6+ Kg1 67. Qe3+ Rbf2 68. a4 Ng4 69. Qc5 Ne5 70. Qb6 Nf3+ 71. Kd1 Kh1 72. Qh6+ Nh2 73. Ke1 Rf1# 0-1

[Event "Regionalliga SW 0708"]
[Site "Bayern"]
[Date "2008.04.06"]
[Round "8.6"]
[White "Czap, Bernhard"]
[Black "Oberhofer, Max"]
[Result "1-0"]
[WhiteElo "2072"]
[BlackElo "1994"]
[PlyCount "91"]
[EventDate "2007.10.21"]
[EventType "team-tourn"]
[EventRounds "9"]
[EventCountry "GER"]
[SourceTitle "EXT 2009"]
[Source "ChessBase"]
[SourceDate "2008.11.26"]
[SourceVersion "1"]
[SourceVersionDate "2008.11.26"]
[SourceQuality "1"]
[WhiteTeam "Unterhaching"]
[BlackTeam "Sonthofen"]
[WhiteTeamCountry "GER"]
[BlackTeamCountry "GER"]

1. e4 Nf6 2. Nc3 d5 3. e5 Nfd7 4. f4 Nb6 5. d4 Bf5 6. g4 Be4 7. Nxe4 dxe4 8. Bg2 e6 9. Bxe4 Qh4+ 10. Kf1 Nc6 11. Be3 h5 12. g5 0-0-0 13. Nf3 Qh3+ 14. Kf2 Nxd4 15. Bxd4 c5 16. c3 cxd4 17. cxd4 Qg4 18. Qc1+ Kb8 19. Rg1 Rc8 20. Qe3 Nc4 21. Qb3 Na5 22. Qe3 Nc4 23. Rxg4 Nxe3 24. Rgg1 Nc4 25. g6 fxg6 26. Rxg6 Rh6 27. Rxh6 gxh6 28. f5 exf5 29. Bxf5 Rd8 30. b3 Nb6 31. Rc1 Nd5 32. Bg6 Be7 33. Be4 Nf4 34. Rd1 Rg8 35. Ke3 Ng2+ 36. Kf2 Nf4 37. Rc1 Rd8 38. Rc4 a6 39. a4 h4 40. Ke3 Bg5 41. Nxg5 hxg5 42. Kf3 Nh3 43. d5 Rg8 44. Bf5 Nf4 45. d6 Rf8 46. d7 1-0

[Event "Regionalliga SW 0708"]
[Site "Bayern"]
[Date "2007.12.09"]
[Round "4.5"]
[White "Oberhofer, Max"]
[Black "Hoefelsauer, Thomas"]
[Result "0-1"]
[WhiteElo "1994"]
[BlackElo "2019"]
[PlyCount "70"]
[EventDate "2007.10.21"]
[EventType "team-tourn"]
[EventRounds "9"]
[EventCountry "GER"]
[SourceTitle "EXT 2009"]
[Source "ChessBase"]
[SourceDate "2008.11.26"]
[SourceVersion "1"]
[SourceVersionDate "2008.11.26"]
[SourceQuality "1"]
[WhiteTeam "Sonthofen"]
[BlackTeam "Muenchen Suedost"]
[WhiteTeamCountry "GER"]
[BlackTeamCountry "GER"]

1. c4 e5 2. Nf3 Nc6 3. Nc3 d6 4. g3 g6 5. Bg2 Bg7 6. 0-0 Nge7 7. d3 h6 8. Rb1 Be6 9. b4 Qd7 10. b5 Nd8 11. Ba3 0-0 12. Qc2 f5 13. Nd2 g5 14. Nd5 f4 15. Nxe7+ Qxe7 16. c5 d5 17. Bb4 c6 18. a4 Rf7 19. Rb3 Qd7 20. Ba5 Bh3 21. Bxd8 Rxd8 22. bxc6 bxc6 23. Qb1 h5 24. Rb8 Bxg2 25. Rxd8+ Qxd8 26. Kxg2 g4 27. Qb4 Qg5 28. a5 h4 29. a6 fxg3 30. hxg3 Bh6 31. e3 d4 32. Ne4 Qf5 33. exd4 Qf3+ 34. Kh2 hxg3+ 35. Nxg3 Bf4 0-1

[Event "Regionalliga SW 0607"]
[Site "Bayern"]
[Date "2007.04.22"]
[Round "9.3"]
[White "Oberhofer, Max"]
[Black "Rajic, Ivica"]
[Result "1-0"]
[WhiteElo "2011"]
[BlackElo "2062"]
[PlyCount "81"]
[EventDate "2006.10.15"]
[EventType "team-tourn"]
[EventRounds "9"]
[EventCountry "GER"]
[SourceTitle "EXT 2008"]
[Source "ChessBase"]
[SourceDate "2007.11.25"]
[SourceVersion "1"]
[SourceVersionDate "2007.11.25"]
[SourceQuality "1"]
[WhiteTeam "Sonthofen"]
[BlackTeam "Bayern Muenchen III"]
[WhiteTeamCountry "GER"]
[BlackTeamCountry "GER"]

1. g3 c5 2. Bg2 Nf6 3. c4 Nc6 4. Nc3 e6 5. e4 d6 6. Nge2 a6 7. 0-0 Qc7 8. b3 Nd4 9. d3 Rb8 10. Be3 e5 11. h3 h6 12. f4 Be7 13. Qd2 b5 14. Rf2 Bb7 15. Raf1 b4 16. Nd5 Nxd5 17. exd5 f6 18. fxe5 dxe5 19. Be4 Bc8 20. Bxd4 cxd4 21. Bg6+ Kd8 22. Kh2 h5 23. Be4 Bd7 24. Kg2 a5 25. Ng1 Rb6 26. Bf5 Be8 27. Qe2 g6 28. Be6 Rf8 29. Nf3 Rh8 30. Nd2 Qb7 31. Kh2 Rf8 32. Ne4 f5 33. c5 Rxe6 34. dxe6 fxe4 35. Rxf8 e3 36. Qg2 Qxg2+ 37. Kxg2 Bxf8 38. Rxf8 Ke7 39. Rxe8+ Kxe8 40. c6 e4 41. dxe4 1-0

[Event "Regionalliga SW 0607"]
[Site "Bayern"]
[Date "2007.03.18"]
[Round "7.4"]
[White "Oberhofer, Max"]
[Black "Berghaus, Avigdor"]
[Result "1/2-1/2"]
[WhiteElo "2011"]
[BlackElo "2125"]
[PlyCount "97"]
[EventDate "2006.10.15"]
[EventType "team-tourn"]
[EventRounds "9"]
[EventCountry "GER"]
[SourceTitle "EXT 2008"]
[Source "ChessBase"]
[SourceDate "2007.11.25"]
[SourceVersion "1"]
[SourceVersionDate "2007.11.25"]
[SourceQuality "1"]
[WhiteTeam "Sonthofen"]
[BlackTeam "Muenchen Schwabing"]
[WhiteTeamCountry "GER"]
[BlackTeamCountry "GER"]

1. d4 Nf6 2. Nf3 c5 3. d5 d6 4. Nc3 g6 5. e4 Bg7 6. Be2 0-0 7. 0-0 Na6 8. Bg5 Nc7 9. a4 b6 10. Nd2 Rb8 11. Nc4 a6 12. f4 b5 13. axb5 axb5 14. Na5 Bb7 15. Bf3 b4 16. Ne2 h6 17. Bh4 Nh7 18. c3 g5 19. Bg3 Ba8 20. Qd2 Qd7 21. h3 Nb5 22. c4 Nd4 23. Nxd4 Bxd4+ 24. Bf2 Bf6 25. Be3 Qc7 26. Nb3 e5 27. fxg5 Bxg5 28. Bxg5 hxg5 29. Bg4 Qe7 30. Rf3 Bb7 31. Raf1 f6 32. Ra1 Ra8 33. Rff1 Kg7 34. Qe2 Rxa1 35. Rxa1 Ra8 36. Qf1 Qd8 37. Qd1 Nf8 38. Bf5 Rxa1 39. Qxa1 Qa8 40. Qxa8 Bxa8 41. Na5 Kf7 42. Kf2 Ng6 43. Bxg6+ Kxg6 44. g4 Kf7 45. Kg3 Kg7 46. h4 gxh4+ 47. Kxh4 Kg6 48. Nc6 Kf7 49. Na5 1/2-1/2

[Event "Regionalliga SW 0506"]
[Site "Bayern"]
[Date "2006.03.12"]
[Round "8.2"]
[White "Hornung, Hans"]
[Black "Oberhofer, Max"]
[Result "1/2-1/2"]
[WhiteElo "2073"]
[BlackElo "2051"]
[PlyCount "80"]
[EventDate "2005.10.23"]
[EventType "team-tourn"]
[EventRounds "9"]
[EventCountry "GER"]
[SourceTitle "EXT 2007"]
[Source "ChessBase"]
[SourceDate "2006.11.23"]
[SourceVersion "1"]
[SourceVersionDate "2006.11.23"]
[SourceQuality "1"]

1. c4 e6 2. Nc3 d5 3. d4 Nf6 4. Bg5 Nbd7 5. cxd5 exd5 6. e3 Be7 7. Qc2 0-0 8. Bd3 Re8 9. Nf3 Nf8 10. 0-0 Nh5 11. Bxe7 Rxe7 12. Rae1 g6 13. h3 c6 14. Qd2 Ne6 15. Bc2 f5 16. Ne5 Nc7 17. f4 Ne8 18. Qf2 Be6 19. Bd1 Nhf6 20. g4 Nd6 21. Qg2 Qc7 22. Bf3 Rf8 23. g5 Nd7 24. Rf2 a6 25. Qg3 Qa5 26. Rh2 Nb5 27. Nxd7 Rxd7 28. Nxb5 axb5 29. a3 b4 30. axb4 Qxb4 31. h4 Ra8 32. h5 Rg7 33. Ree2 Ra1+ 34. Kf2 Rb1 35. hxg6 hxg6 36. Qh3 Kf7 37. Qh8 Qf8 38. Rc2 Qxh8 39. Rxh8 Rg8 40. Rh6 Kg7 1/2-1/2

[Event "Regionalliga SW 0506"]
[Site "Bayern"]
[Date "2005.12.11"]
[Round "4.2"]
[White "Oberhofer, Max"]
[Black "Schelle, Artur"]
[Result "0-1"]
[WhiteElo "2051"]
[BlackElo "2086"]
[PlyCount "58"]
[EventDate "2005.10.23"]
[EventType "team-tourn"]
[EventRounds "9"]
[EventCountry "GER"]
[SourceTitle "EXT 2007"]
[Source "ChessBase"]
[SourceDate "2006.11.23"]
[SourceVersion "1"]
[SourceVersionDate "2006.11.23"]
[SourceQuality "1"]

1. d4 f5 2. Bg5 g6 3. Nc3 Bg7 4. e4 fxe4 5. Nxe4 d5 6. Ng3 c5 7. Bb5+ Nc6 8. Bxc6+ bxc6 9. c3 Nh6 10. Qd2 Nf7 11. Be3 cxd4 12. cxd4 c5 13. Rc1 c4 14. N1e2 0-0 15. Nc3 e5 16. 0-0 Rb8 17. Rb1 h5 18. dxe5 h4 19. Nge2 Bf5 20. e6 Ne5 21. Nxd5 Bxe6 22. Nec3 h3 23. f4 Nd3 24. Bxa7 Rb7 25. b3 Bxd5 26. Nxd5 Qxd5 27. bxc4 Bd4+ 28. Bxd4 Qxd4+ 29. Kh1 Nf2+ 0-1

[Event "Regionalliga SW 0506"]
[Site "Bayern"]
[Date "2005.10.23"]
[Round "1.2"]
[White "Lang, Zalan Andreas"]
[Black "Oberhofer, Max"]
[Result "1/2-1/2"]
[WhiteElo "2246"]
[BlackElo "2051"]
[PlyCount "81"]
[EventDate "2005.10.23"]
[EventType "team-tourn"]
[EventRounds "9"]
[EventCountry "GER"]
[SourceTitle "EXT 2007"]
[Source "ChessBase"]
[SourceDate "2006.11.23"]
[SourceVersion "1"]
[SourceVersionDate "2006.11.23"]
[SourceQuality "1"]

1. e4 Nf6 2. Nc3 d5 3. e5 Nfd7 4. Nxd5 Nxe5 5. Ne3 c5 6. b3 Nbc6 7. Bb2 Nd4 8. f4 Nec6 9. Nf3 g6 10. c3 Nxf3+ 11. Qxf3 Bg7 12. Bb5 Bd7 13. 0-0 0-0 14. Bc4 b5 15. Bxb5 Nd4 16. cxd4 Bxb5 17. Rfc1 Rc8 18. Qd5 e6 19. Qb7 Bc6 20. Qa6 cxd4 21. Rxc6 Rxc6 22. Qxc6 dxe3 23. Bxg7 exd2 24. Rd1 Kxg7 25. Qc3+ Kg8 26. Rxd2 Qb8 27. Qd4 a5 28. h3 Qb4 29. Kh2 Ra8 30. Qe3 Rb8 31. Rd4 Qb5 32. Qd3 Qxd3 33. Rxd3 h5 34. g4 hxg4 35. hxg4 Kg7 36. g5 Rb5 37. Re3 Rb4 38. Kg3 a4 39. Kf3 axb3 40. axb3 Kf8 41. Rd3 1/2-1/2

[Event "Regionalliga SW 0405"]
[Site "Bayern"]
[Date "2005.02.13"]
[Round "7.4"]
[White "Oberhofer, Max"]
[Black "Katzameyer, Michael"]
[Result "1/2-1/2"]
[WhiteElo "2056"]
[BlackElo "2026"]
[PlyCount "119"]
[EventDate "2004.10.24"]
[EventType "team-tourn"]
[EventRounds "9"]
[EventCountry "GER"]
[SourceTitle "EXT 2007"]
[Source "ChessBase"]
[SourceDate "2006.11.23"]
[SourceVersion "1"]
[SourceVersionDate "2006.11.23"]
[SourceQuality "1"]
[WhiteTeam "Sonthofen"]
[BlackTeam "Muenchen RTA"]
[WhiteTeamCountry "GER"]
[BlackTeamCountry "GER"]

1. c4 b6 2. Nc3 e6 3. a3 Bb7 4. d4 d5 5. cxd5 exd5 6. Nf3 Be7 7. Bf4 Nf6 8. Rc1 0-0 9. e3 Nbd7 10. Be2 c5 11. dxc5 bxc5 12. 0-0 Rc8 13. Qb3 Qb6 14. Qxb6 axb6 15. Rfd1 Rfd8 16. h3 Nf8 17. Na4 N6d7 18. Ne5 Nxe5 19. Bxe5 Nd7 20. Bf4 Bc6 21. Nc3 Nf6 22. Bf3 Rd7 23. Be2 h6 24. Bb5 Bxb5 25. Nxb5 Ne8 26. Be5 Bf6 27. Bxf6 Nxf6 28. Rc2 Ra8 29. Rcd2 Kf8 30. Nc3 Rad8 31. Kf1 Ke7 32. Ke2 Ke6 33. f3 g6 34. Kf2 Ra8 35. g4 Rad8 36. h4 h5 37. g5 Ng8 38. Ne2 Ne7 39. Nf4+ Ke5 40. Nd3+ Ke6 41. Nf4+ Kf5 42. Nxd5 Nxd5 43. e4+ Ke5 44. exd5 Rxd5 45. Re2+ Kf5 46. Rxd5+ Rxd5 47. Re7 Rd2+ 48. Kg3 Rxb2 49. Rxf7+ Ke5 50. Rf6 c4 51. Rxg6 c3 52. Rc6 Kd4 53. g6 Rb1 54. Kf4 Kd3 55. Kf5 Rb5+ 56. Kf6 Rc5 57. Rxc5 bxc5 58. g7 c2 59. g8Q c1Q 60. Qd5+ 1/2-1/2

[Event "Regionalliga SW 0405"]
[Site "Bayern"]
[Date "2004.12.12"]
[Round "4.3"]
[White "Oberhofer, Max"]
[Black "Otte, Marco"]
[Result "0-1"]
[WhiteElo "2056"]
[BlackElo "2042"]
[PlyCount "68"]
[EventDate "2004.10.24"]
[EventType "team-tourn"]
[EventRounds "9"]
[EventCountry "GER"]
[SourceTitle "EXT 2007"]
[Source "ChessBase"]
[SourceDate "2006.11.23"]
[SourceVersion "1"]
[SourceVersionDate "2006.11.23"]
[SourceQuality "1"]
[WhiteTeam "Sonthofen"]
[BlackTeam "Muenchen Tarrasch II"]
[WhiteTeamCountry "GER"]
[BlackTeamCountry "GER"]

1. Nf3 b5 2. c3 e6 3. Qb3 a6 4. a4 b4 5. g3 a5 6. Bg2 Bb7 7. d4 Na6 8. 0-0 c5 9. Re1 Rc8 10. Bg5 Be7 11. Bxe7 Nxe7 12. e4 0-0 13. Nbd2 f5 14. Rad1 cxd4 15. cxd4 fxe4 16. Nxe4 Bd5 17. Qd3 Bc4 18. Qb1 Bb3 19. Rd2 Qc7 20. Neg5 Bc2 21. Qa1 b3 22. Ne5 h6 23. d5 exd5 24. Nh3 Nb4 25. Nf4 Bf5 26. Ned3 Nc2 27. Rxc2 bxc2 28. Nxd5 Nxd5 29. Bxd5+ Kh8 30. Nc1 Qc5 31. Bg2 Bg4 32. Rf1 Bd1 33. Qa2 Rce8 34. Nd3 c1Q 0-1

[Event "Bad Woerishofen op 18th"]
[Site "Bad Woerishofen"]
[Date "2002.??.??"]
[Round "4"]
[White "Dreesen, Jan"]
[Black "Oberhofer, Max"]
[Result "1/2-1/2"]
[WhiteElo "2140"]
[BlackElo "2225"]
[PlyCount "72"]
[EventDate "2002.03.??"]
[EventType "swiss"]
[EventRounds "9"]
[EventCountry "GER"]
[SourceTitle "EXT 2003"]
[Source "ChessBase"]
[SourceDate "2002.11.25"]
[SourceVersion "1"]
[SourceVersionDate "2002.11.25"]
[SourceQuality "1"]

1. d4 c5 2. d5 e6 3. c4 exd5 4. cxd5 d6 5. Nc3 Nf6 6. e4 g6 7. Bg5 h6 8. Bh4 Bg7 9. f4 Qa5 10. Bd3 0-0 11. Qd2 Re8 12. Nf3 Bg4 13. 0-0 Bxf3 14. Rxf3 Nbd7 15. Re1 a6 16. Qf2 b5 17. Qf1 b4 18. Nd1 c4 19. Bb1 Rac8 20. e5 Nxd5 21. e6 Rxe6 22. Rxe6 fxe6 23. Bxg6 c3 24. bxc3 bxc3 25. Qe2 Nf8 26. Bc2 Qb4 27. Qxa6 Rc7 28. a3 Qd4+ 29. Bf2 Qd2 30. Qd3 Nxf4 31. Qxd2 cxd2 32. Bb3 Ne2+ 33. Kf1 Nd4 34. Bxd4 Bxd4 35. Ke2 d5 36. Kxd2 Nd7 1/2-1/2

[Event "Bad Woerishofen op 18th"]
[Site "Bad Woerishofen"]
[Date "2002.??.??"]
[Round "9"]
[White "Straub, Peter"]
[Black "Oberhofer, Max"]
[Result "1/2-1/2"]
[WhiteElo "2120"]
[BlackElo "2223"]
[PlyCount "75"]
[EventDate "2002.03.??"]
[EventType "swiss"]
[EventRounds "9"]
[EventCountry "GER"]
[SourceTitle "EXT 2003"]
[Source "ChessBase"]
[SourceDate "2002.11.25"]
[SourceVersion "1"]
[SourceVersionDate "2002.11.25"]
[SourceQuality "1"]

1. e4 Nf6 2. e5 Nd5 3. Nc3 Nxc3 4. dxc3 d6 5. Nf3 Nc6 6. Bb5 a6 7. Ba4 e6 8. Qe2 Be7 9. Bf4 0-0 10. Rd1 b5 11. Bb3 Na5 12. Nd2 d5 13. c4 c5 14. Qg4 f5 15. exf6 Bxf6 16. Bg3 bxc4 17. Bxc4 dxc4 18. Nxc4 Bd7 19. Rxd7 Qxd7 20. Nxa5 Qb5 21. Nc4 Qc6 22. 0-0 Rad8 23. c3 Rfe8 24. Re1 Qd5 25. Bc7 Rd7 26. Bg3 g6 27. h3 Qc6 28. Be5 Bg7 29. f4 Qd5 30. b3 Bxe5 31. Nxe5 Qd2 32. Re2 Qd1+ 33. Kh2 Rd2 34. Rxd2 Qxd2 35. Nxg6 hxg6 36. Qxg6+ Kf8 37. Qf6+ Kg8 38. Qg6+ 1/2-1/2